Drevo je temer neporaziteľný favorit

Bibliographic Details
Main Author: Čukan, Štefan (Author, Interviewer)
Format: Article
Language:Slovak
PhysicalDescription:Fotogr.
ISSN:1335-7018
Subjects:

MARC

LEADER 00000nab a2200000 a 4500
001 vtls009626114
003 SK-MaSNL
005 20260304152559.0
008 250506 2009 xo || |||| ||slo
015 |a SNBRB2009/07  |2 snkbucl 
035 |a (uuid)cb9a931c-1641-49fc-96aa-e52a27da75ca 
035 |a urn:nbn:sk:snk-ab9ex0 
035 |a (urnnbn)urn:nbn:sk:snk:ar-a08bxo 
038 |a SNKBUCL 
040 |a SNKBUCL  |b slo  |c SNKBUCL  |e AACR2 
041 0 |a slo 
044 |a xo  |c SK 
080 |a 691  |2 2001 
080 |a 630*8  |2 2001 
080 |a 674  |2 2001 
100 1 |a Čukan, Štefan  |4 ivr  |4 aut  |9 553675 
245 1 0 |a Drevo je temer neporaziteľný favorit  |c Štefan Čukan, Ľudovit Nasch 
300 |b Fotogr. 
650 0 7 |a materiály  |2 snkbucl  |9 1041 
650 0 7 |a stavebné materiály  |2 snkbucl  |9 31817 
650 0 7 |a drevo  |2 snkbucl  |9 3560 
700 1 |a Nasch, Ľudovít  |4 ive  |9 6690 
773 0 |t Stolársky magazín  |g Roč. 10, č. 6 (2009), s. 28-29  |x 1335-7018 
850 |a Slovenská národná knižnica 
852 |a Slovenská národná knižnica 
954 |a odborná, vedecká literatúra pôvodná (slovenská)  |2 lita 
958 |a article13 
958 |a OND 
958 |a EUIPO 
999 |c 2949913  |d 2951843